[Event "CZE-chT2B 1617"]
[Site "Czech Republic"]
[Date "2016.10.30"]
[Round "2.8"]
[White "Vitak, Jiri"]
[Black "Skuthan, Jiri"]
[Result "1-0"]
[WhiteElo "2022"]
[BlackElo "1980"]
[PlyCount "93"]
[EventDate "2016.10.09"]
[EventType "team-tourn"]
[EventRounds "11"]
[EventCountry "CZE"]
[SourceTitle "EXT 2022"]
[Source "ChessBase"]
[SourceDate "2021.10.06"]
[SourceVersion "1"]
[SourceVersionDate "2021.10.06"]
[SourceQuality "1"]
[WhiteTeam "Liberec Desko"]
[BlackTeam "Most Chess"]
[WhiteTeamCountry "CZE"]
[BlackTeamCountry "CZE"]

1. d4 g6 2. c4 Bg7 3. Nc3 Nf6 4. e4 d6 5. f3 0-0 6. Be3 e5 7. Nge2 Na6 8. Qd2 exd4 9. Nxd4 Nc5 10. h4 h5 11. Bg5 Qe8 12. Bh6 Bd7 13. Bxg7 Kxg7 14. 0-0-0 a5 15. Qg5 Qe5 16. Qxe5 dxe5 17. Nc2 c6 18. Be2 Rfd8 19. Rd2 Kf8 20. Rhd1 Ke7 21. Ne1 Be6 22. Rxd8 Rxd8 23. Rxd8 Kxd8 24. Kc2 Bc8 25. Nd3 Nfd7 26. g3 Nxd3 27. Kxd3 Nc5+ 28. Ke3 Ke7 29. f4 f6 30. a3 Nb3 31. Nb1 Be6 32. Nd2 Nd4 33. fxe5 fxe5 34. c5 Kd8 35. Bd3 Nb3 36. Nxb3 Bxb3 37. Kd2 Kc7 38. Kc3 Be6 39. Bc4 Bxc4 40. Kxc4 Kb8 41. b4 axb4 42. Kxb4 Ka8 43. Ka5 Ka7 44. a4 b6+ 45. cxb6+ Kb7 46. Kb4 Kxb6 47. a5+ 1-0

[Event "CZE-chT2B 1516"]
[Site "Czech Republic"]
[Date "2016.03.13"]
[Round "9.4"]
[White "Riha, Jaroslav1111"]
[Black "Skuthan, Jiri"]
[Result "1-0"]
[WhiteElo "2146"]
[BlackElo "1984"]
[PlyCount "81"]
[EventDate "2015.10.18"]
[EventType "team-tourn"]
[EventRounds "11"]
[EventCountry "CZE"]
[SourceTitle "EXT 2022"]
[Source "ChessBase"]
[SourceDate "2021.10.06"]
[SourceVersion "1"]
[SourceVersionDate "2021.10.06"]
[SourceQuality "1"]
[WhiteTeam "Teplice"]
[BlackTeam "Most Chess"]
[WhiteTeamCountry "CZE"]
[BlackTeamCountry "CZE"]

1. c4 Nf6 2. g3 g6 3. Bg2 Bg7 4. d4 0-0 5. Nc3 d6 6. Nf3 c6 7. 0-0 Qa5 8. a3 Qh5 9. h4 Be6 10. Qd3 d5 11. cxd5 cxd5 12. Ng5 Nc6 13. Nxe6 fxe6 14. Bh3 e5 15. dxe5 Nxe5 16. Qb5 d4 17. Bg5 dxc3 18. Qxe5 h6 19. Qe6+ Kh7 20. Bxf6 Rxf6 21. Qxe7 cxb2 22. Rad1 Raf8 23. Be6 g5 24. Rd7 Qg6 25. h5 b1Q 26. hxg6+ Qxg6 27. Bc4 Kh8 28. Bd3 Qf7 29. Qe4 Qg8 30. Qxb7 a5 31. Qa7 Ra8 32. Qb7 Raf8 33. f3 R6f7 34. Rb1 Rxd7 35. Qxd7 Qf7 36. Qc6 Qf6 37. Qc7 Qd8 38. Qb7 Qd6 39. Kg2 Re8 40. Rb6 Qe7 41. Qd5 1-0

[Event "Teplice op 10th"]
[Site "Teplice"]
[Date "2015.06.20"]
[Round "8"]
[White "Skuthan, Jiri"]
[Black "Kaluzny, Jiri"]
[Result "1/2-1/2"]
[WhiteElo "2076"]
[BlackElo "1873"]
[PlyCount "83"]
[EventDate "2015.06.13"]
[EventType "swiss"]
[EventRounds "9"]
[EventCountry "CZE"]
[SourceTitle "EXT 2017"]
[Source "ChessBase"]
[SourceDate "2016.10.25"]
[SourceVersion "1"]
[SourceVersionDate "2016.10.25"]
[SourceQuality "1"]

1. e4 Nf6 2. e5 Nd5 3. d4 d6 4. c4 Nb6 5. exd6 exd6 6. Nc3 Be7 7. Nf3 0-0 8. Be2 Nc6 9. 0-0 Bg4 10. d5 Bxf3 11. Bxf3 Ne5 12. b3 Nxf3+ 13. Qxf3 Bf6 14. Rb1 Nd7 15. Ne4 Bd4 16. Qd3 Bf6 17. Bf4 Re8 18. Rfe1 Ne5 19. Qd2 Ng6 20. Bg3 Be5 21. f4 Bf6 22. Re2 Bh4 23. Rbe1 Qd7 24. Bxh4 Nxh4 25. Qd3 Ng6 26. Qg3 f5 27. Ng5 Rxe2 28. Rxe2 Re8 29. Rxe8+ Qxe8 30. Ne6 Qe7 31. Qc3 Nf8 32. Nd4 Qe4 33. Qd2 a6 34. Kf2 Kf7 35. g3 g6 36. Nf3 h6 37. Nd4 Qh1 38. Nf3 Nd7 39. Qe1 Qxe1+ 40. Kxe1 Nc5 41. Nd4 Kf6 42. Ke2 1/2-1/2

[Event "CZE-chTA U20 1314"]
[Site "Czech Republic"]
[Date "2014.04.26"]
[Round "10.3"]
[White "Karp, Maciej"]
[Black "Skuthan, Jiri"]
[Result "0-1"]
[WhiteElo "1587"]
[BlackElo "1820"]
[PlyCount "60"]
[EventDate "2013.10.12"]
[EventType "team-tourn"]
[EventRounds "11"]
[EventCountry "CZE"]
[SourceTitle "EXT 2015"]
[Source "ChessBase"]
[SourceDate "2014.11.20"]
[SourceVersion "1"]
[SourceVersionDate "2014.11.20"]
[SourceQuality "1"]
[WhiteTeam "Orlova Slavia (U20)"]
[BlackTeam "Most Chess (U20)"]
[WhiteTeamCountry "CZE"]
[BlackTeamCountry "CZE"]

1. d4 Nf6 2. Nf3 g6 3. c4 Bg7 4. Nc3 0-0 5. e4 d6 6. Bd3 Na6 7. Be3 e5 8. dxe5 dxe5 9. 0-0 c6 10. a3 Nc7 11. Qc2 Nh5 12. Ne1 Ne6 13. Ne2 Nhf4 14. Rd1 Bd7 15. Bxf4 exf4 16. Qc1 g5 17. f3 Qb6+ 18. Kh1 Qxb2 19. Qxb2 Bxb2 20. Nc2 Nc5 21. Ned4 Rfd8 22. Be2 a6 23. g3 fxg3 24. hxg3 Na4 25. f4 Nc3 26. Rd3 c5 27. Rxc3 Bxc3 28. Nf3 gxf4 29. gxf4 Bc6 30. e5 Rd2 0-1

[Event "CZE-chTA U20 1314"]
[Site "Czech Republic"]
[Date "2014.04.25"]
[Round "8.3"]
[White "Pulpan, Jakub"]
[Black "Skuthan, Jiri"]
[Result "1-0"]
[WhiteElo "2089"]
[BlackElo "1820"]
[PlyCount "55"]
[EventDate "2013.10.12"]
[EventType "team-tourn"]
[EventRounds "11"]
[EventCountry "CZE"]
[SourceTitle "EXT 2015"]
[Source "ChessBase"]
[SourceDate "2014.11.20"]
[SourceVersion "1"]
[SourceVersionDate "2014.11.20"]
[SourceQuality "1"]
[WhiteTeam "Polabiny (U20)"]
[BlackTeam "Most Chess (U20)"]
[WhiteTeamCountry "CZE"]
[BlackTeamCountry "CZE"]

1. Nf3 Nf6 2. g3 g6 3. Bg2 Bg7 4. b3 0-0 5. Bb2 d6 6. 0-0 c6 7. c4 Qa5 8. Nc3 Qh5 9. d4 Bg4 10. Qc2 Na6 11. a3 Nc7 12. Ne4 Nxe4 13. Qxe4 Ne6 14. Qc2 Rac8 15. Rad1 Rfd8 16. Qd2 d5 17. cxd5 cxd5 18. Qb4 Rc2 19. Rd2 Rxd2 20. Qxd2 Bh6 21. Qb4 Rd7 22. Ne5 Rc7 23. Qb5 Qf5 24. Bxd5 Rc2 25. e4 Qh5 26. Qe8+ Kg7 27. Qxf7+ Kh8 28. Nxg4 1-0

[Event "CZE-chTW U20 1314"]
[Site "Czech Republic"]
[Date "2014.01.25"]
[Round "7.3"]
[White "Skvaril, Michal"]
[Black "Skuthan, Jiri"]
[Result "1/2-1/2"]
[WhiteElo "1726"]
[BlackElo "1820"]
[PlyCount "67"]
[EventDate "2013.10.12"]
[EventType "team-tourn"]
[EventRounds "11"]
[EventCountry "CZE"]
[SourceTitle "EXT 2015"]
[Source "ChessBase"]
[SourceDate "2014.11.20"]
[SourceVersion "1"]
[SourceVersionDate "2014.11.20"]
[SourceQuality "1"]
[WhiteTeam "Praha Bohemians (U20)"]
[BlackTeam "Most Chess (U20)"]
[WhiteTeamCountry "CZE"]
[BlackTeamCountry "CZE"]

1. e4 c5 2. Nf3 e6 3. d4 cxd4 4. Nxd4 Nc6 5. c4 Nf6 6. Nc3 d6 7. Be2 Be7 8. 0-0 0-0 9. Be3 a6 10. f3 Rb8 11. Rc1 Bd7 12. Qd2 Nxd4 13. Bxd4 b5 14. cxb5 axb5 15. a3 b4 16. axb4 Rxb4 17. Na2 Rb8 18. Rb1 e5 19. Be3 Be6 20. Nc3 d5 21. exd5 Nxd5 22. Nxd5 Qxd5 23. Qxd5 Bxd5 24. Rfd1 Ba2 25. Ra1 Be6 26. Bd2 Bc5+ 27. Kf1 f5 28. Rac1 Bd4 29. Bc3 Bxc3 30. bxc3 e4 31. fxe4 fxe4+ 32. Kg1 Rbc8 33. c4 Rc5 34. Rc3 1/2-1/2

[Event "CZE-chTW U20 1314"]
[Site "Czech Republic"]
[Date "2013.10.13"]
[Round "4.3"]
[White "Skuthan, Jiri"]
[Black "Anaskin, Arsenij"]
[Result "1/2-1/2"]
[WhiteElo "1820"]
[BlackElo "1916"]
[PlyCount "63"]
[EventDate "2013.10.12"]
[EventType "team-tourn"]
[EventRounds "11"]
[EventCountry "CZE"]
[SourceTitle "EXT 2015"]
[Source "ChessBase"]
[SourceDate "2014.11.20"]
[SourceVersion "1"]
[SourceVersionDate "2014.11.20"]
[SourceQuality "1"]
[WhiteTeam "Most Chess (U20)"]
[BlackTeam "Praha Oaza (U20)"]
[WhiteTeamCountry "CZE"]
[BlackTeamCountry "CZE"]

1. e4 e5 2. Nf3 Nc6 3. Bc4 Bc5 4. b4 Bxb4 5. c3 Bc5 6. d4 exd4 7. 0-0 Nf6 8. e5 d5 9. Bb5 Ne4 10. cxd4 Bb6 11. Ba3 Bg4 12. Qa4 Bd7 13. Qb3 Nxd4 14. Nxd4 Bxd4 15. Qxd5 Bxb5 16. Qxb5+ Qd7 17. Qxd7+ Kxd7 18. Rd1 c5 19. Bxc5 Nxc5 20. Rxd4+ Ke6 21. Nc3 Rhd8 22. Rad1 Rxd4 23. Rxd4 Rc8 24. f4 Nb3 25. Rd6+ Kf5 26. Nd5 Rc1+ 27. Kf2 Nc5 28. Kf3 Rf1+ 29. Ke2 Ra1 30. Kf3 Rf1+ 31. Ke2 Rc1 32. Kf3 1/2-1/2

[Event "Teplice op 8th"]
[Site "Teplice"]
[Date "2013.06.17"]
[Round "3"]
[White "Ksana, Vaclav"]
[Black "Skuthan, Jiri"]
[Result "1-0"]
[WhiteElo "2106"]
[BlackElo "1826"]
[PlyCount "45"]
[EventDate "2013.06.15"]
[EventType "swiss"]
[EventRounds "9"]
[EventCountry "CZE"]
[SourceTitle "CBM 155 Extra"]
[Source "ChessBase"]
[SourceDate "2013.08.26"]
[SourceVersion "1"]
[SourceVersionDate "2013.08.26"]
[SourceQuality "1"]

1. e4 c5 2. Nf3 e6 3. d4 cxd4 4. Nxd4 Nc6 5. Nc3 a6 6. Be3 d6 7. Qd2 Nf6 8. 0-0-0 Be7 9. Be2 Nxd4 10. Qxd4 Qc7 11. Qb6 Qxb6 12. Bxb6 Kd7 13. e5 Ne8 14. Na4 Bg5+ 15. Kb1 Bf4 16. exd6 Nxd6 17. g3 Bg5 18. Bc5 Be7 19. Bxd6 Bxd6 20. Nb6+ Kc6 21. Nxa8 Rd8 22. Bf3+ Kc5 23. Rd3 1-0

[Event "CZE-chTA U20 1213"]
[Site "Czech Republic"]
[Date "2013.04.12"]
[Round "8.5"]
[White "Skuthan, Jiri"]
[Black "Svoboda, Filip"]
[Result "0-1"]
[WhiteElo "1782"]
[BlackElo "1692"]
[PlyCount "60"]
[EventDate "2012.10.06"]
[EventType "team-tourn"]
[EventRounds "11"]
[EventCountry "CZE"]
[SourceTitle "EXT 2015"]
[Source "ChessBase"]
[SourceDate "2014.11.20"]
[SourceVersion "1"]
[SourceVersionDate "2014.11.20"]
[SourceQuality "1"]
[WhiteTeam "Most Chess (U20)"]
[BlackTeam "Brno Lokomotiva (U20)"]
[WhiteTeamCountry "CZE"]
[BlackTeamCountry "CZE"]

1. e4 e6 2. d4 d5 3. Nd2 Nf6 4. e5 Nfd7 5. Bd3 c5 6. c3 Nc6 7. Ne2 cxd4 8. cxd4 f6 9. exf6 Qxf6 10. Nf3 h6 11. 0-0 Bd6 12. a3 0-0 13. Bc2 Rf7 14. Qd3 Nf8 15. Nc3 a6 16. Bd2 Bd7 17. Rae1 Be8 18. Be3 Rc8 19. Qd2 Rfc7 20. Re2 Bf7 21. Rfe1 Bh5 22. Qd1 Na5 23. Bd3 Bxf3 24. gxf3 Qxf3 25. Bc1 Bxa3 26. Qc2 Qg4+ 27. Kh1 Bb4 28. Re3 Bxc3 29. Rg1 Bxd4 30. Qb1 Qxg1+ 0-1

[Event "CZE-ch U16"]
[Site "Kouty nad Desnou"]
[Date "2013.03.16"]
[Round "9"]
[White "Nytra, Petr"]
[Black "Skuthan, Jiri"]
[Result "1-0"]
[WhiteElo "1723"]
[BlackElo "1773"]
[PlyCount "51"]
[EventDate "2013.03.09"]
[EventType "swiss"]
[EventRounds "9"]
[EventCountry "CZE"]
[SourceTitle "EXT 2015"]
[Source "ChessBase"]
[SourceDate "2014.11.20"]
[SourceVersion "1"]
[SourceVersionDate "2014.11.20"]
[SourceQuality "1"]

1. e4 c5 2. Nc3 Nc6 3. f4 g6 4. Nf3 Bg7 5. Bb5 Nd4 6. a4 Nxb5 7. axb5 d6 8. 0-0 Nf6 9. d3 0-0 10. Ne2 d5 11. e5 Nd7 12. c4 Nb6 13. b3 a6 14. bxa6 Rxa6 15. Rxa6 bxa6 16. Ba3 Qc7 17. Qc1 Rd8 18. Rd1 f6 19. cxd5 Rxd5 20. d4 fxe5 21. fxe5 c4 22. bxc4 Qxc4 23. Qxc4 Nxc4 24. Rc1 Nb6 25. Rc6 Rb5 26. Bc5 1-0

[Event "CZE-ch U16"]
[Site "Kouty nad Desnou"]
[Date "2013.03.15"]
[Round "8"]
[White "Skuthan, Jiri"]
[Black "Chromik, Tomas"]
[Result "0-1"]
[WhiteElo "1773"]
[BlackElo "1885"]
[PlyCount "72"]
[EventDate "2013.03.09"]
[EventType "swiss"]
[EventRounds "9"]
[EventCountry "CZE"]
[SourceTitle "EXT 2015"]
[Source "ChessBase"]
[SourceDate "2014.11.20"]
[SourceVersion "1"]
[SourceVersionDate "2014.11.20"]
[SourceQuality "1"]

1. e4 e5 2. Nf3 Nf6 3. Nxe5 d6 4. Nf3 Nxe4 5. d4 d5 6. Bd3 Bd6 7. 0-0 0-0 8. c4 c6 9. Nc3 Nxc3 10. bxc3 dxc4 11. Bxh7+ Kxh7 12. Ng5+ Kg6 13. h4 Rh8 14. g3 f6 15. f4 f5 16. Qe2 b5 17. Rf2 Qe7 18. Qf3 Bd7 19. Bd2 Na6 20. Re1 Qf6 21. Rh2 Rh5 22. Rhe2 Nc7 23. Qg2 Rhh8 24. Nf3 Nd5 25. Qh3 Rae8 26. Rxe8 Rxe8 27. h5+ Kf7 28. Ne5+ Bxe5 29. fxe5 Qe6 30. Rf1 Kg8 31. Qh4 c5 32. h6 gxh6 33. Bxh6 Qg6 34. Rf2 cxd4 35. cxd4 c3 36. Rh2 Qg4 0-1

[Event "CZE-ch U16"]
[Site "Kouty nad Desnou"]
[Date "2013.03.12"]
[Round "4"]
[White "Miculka, David"]
[Black "Skuthan, Jiri"]
[Result "0-1"]
[WhiteElo "1903"]
[BlackElo "1773"]
[PlyCount "190"]
[EventDate "2013.03.09"]
[EventType "swiss"]
[EventRounds "9"]
[EventCountry "CZE"]
[SourceTitle "EXT 2015"]
[Source "ChessBase"]
[SourceDate "2014.11.20"]
[SourceVersion "1"]
[SourceVersionDate "2014.11.20"]
[SourceQuality "1"]

1. e4 c5 2. Nf3 Nc6 3. d4 cxd4 4. Nxd4 e6 5. Nc3 a6 6. Nxc6 bxc6 7. Bd3 d5 8. exd5 cxd5 9. 0-0 Nf6 10. Bg5 Be7 11. Re1 Rb8 12. Rb1 Bb7 13. Qe2 Qd6 14. Bh4 Qc6 15. f3 0-0 16. Bg3 Rbc8 17. Nd1 Nh5 18. Qe5 g6 19. Bf2 Bd6 20. Qe2 Nf4 21. Qd2 Qc7 22. h3 Nh5 23. c3 Bh2+ 24. Kh1 Bg3 25. Bxg3 Qxg3 26. Qf2 Qd6 27. Ne3 Nf4 28. Bf1 f5 29. Rbd1 Qc7 30. Nc2 e5 31. Qe3 Rfe8 32. Nb4 a5 33. Nd3 Nxd3 34. Bxd3 e4 35. fxe4 dxe4 36. Bc2 Rcd8 37. Bb3+ Kg7 38. Rd4 f4 39. Qd2 e3 40. Qd3 Rxd4 41. Qxd4+ Qe5 42. Qd7+ Re7 43. Qd8 Re8 44. Qd7+ Re7 45. Qd8 f3 46. Qg8+ Kh6 47. Qf8+ Rg7 48. gxf3 e2 49. Kg2 Qe3 50. Qf6 Rd7 51. Qh4+ Kg7 52. Qf2 Qg5+ 53. Qg3 Bxf3+ 54. Kh2 Qf5 55. Bc4 Re7 56. Qd6 Qe4 57. Qd4+ Qxd4 58. cxd4 Rd7 59. Kg3 Bh5 60. Bxe2 Bxe2 61. Rxe2 Rxd4 62. Re5 a4 63. Ra5 Rb4 64. a3 Rxb2 65. Rxa4 Kf6 66. Ra7 h5 67. a4 Rb3+ 68. Kg2 Kg5 69. Ra5+ Kh4 70. Rb5 Rg3+ 71. Kf2 Rxh3 72. Rb4+ Kg5 73. a5 Ra3 74. Rb5+ Kh6 75. Kg2 h4 76. Kh2 g5 77. Rb6+ Kh5 78. a6 Ra2+ 79. Kg1 h3 80. Rc6 g4 81. Rc5+ Kh4 82. Rc4 Rxa6 83. Rb4 Ra3 84. Rb1 Kg3 85. Rc1 Kf3 86. Kh2 Ra2+ 87. Kg1 g3 88. Rc3+ Kf4 89. Rc4+ Ke5 90. Rc1 Kd4 91. Rd1+ Ke3 92. Rb1 Ke2 93. Rc1 Rd2 94. Rf1 Rd1 95. Rxd1 Kxd1 0-1

[Event "Czech Fed-ch U16"]
[Site "Hrdonov"]
[Date "2012.10.22"]
[Round "3"]
[White "Skuthan, Jiri"]
[Black "Furbacher, Milan"]
[Result "1/2-1/2"]
[WhiteElo "1782"]
[BlackElo "1546"]
[PlyCount "64"]
[EventDate "2012.10.20"]
[EventType "swiss"]
[EventRounds "9"]
[EventCountry "CZE"]
[SourceTitle "CBM 151 Extra"]
[Source "ChessBase"]
[SourceDate "2012.12.18"]
[SourceVersion "1"]
[SourceVersionDate "2012.12.18"]
[SourceQuality "1"]

1. e4 c5 2. Nf3 Nc6 3. d4 cxd4 4. Nxd4 g6 5. Nc3 Bg7 6. Be3 Nf6 7. Bc4 Qa5 8. 0-0 0-0 9. Bb3 d6 10. Re1 Bd7 11. Nd5 Nxd5 12. exd5 Nxd4 13. Bxd4 Bxd4 14. Qxd4 Rfe8 15. h4 Qc5 16. Rad1 Qxd4 17. Rxd4 Rac8 18. c3 h6 19. Rde4 Kf8 20. R1e3 b6 21. Rf3 Kg7 22. g4 Bb5 23. Ref4 Rf8 24. Re3 Rfe8 25. Rfe4 Rc7 26. h5 g5 27. f4 f6 28. fxg5 hxg5 29. Rd4 Rb8 30. Bc2 Be8 31. Kg2 a5 32. Rde4 Rbb7 1/2-1/2

[Event "Czech Fed-ch U16"]
[Site "Hrdonov"]
[Date "2012.10.20"]
[Round "1"]
[White "Skuthan, Jiri"]
[Black "Maslo, Ondrej"]
[Result "1-0"]
[WhiteElo "1782"]
[BlackElo "1699"]
[PlyCount "45"]
[EventDate "2012.10.20"]
[EventType "swiss"]
[EventRounds "9"]
[EventCountry "CZE"]
[SourceTitle "CBM 151 Extra"]
[Source "ChessBase"]
[SourceDate "2012.12.18"]
[SourceVersion "1"]
[SourceVersionDate "2012.12.18"]
[SourceQuality "1"]

1. e4 c5 2. Nf3 Nc6 3. d4 cxd4 4. Nxd4 g6 5. c4 Bg7 6. Nc2 Nf6 7. Nc3 0-0 8. Be2 d6 9. 0-0 Be6 10. Be3 Qc8 11. f3 Na5 12. b3 Nxe4 13. Nxe4 Bxa1 14. Qxa1 d5 15. Bh6 f6 16. Bxf8 Kxf8 17. Qc3 dxe4 18. Qxa5 exf3 19. Bxf3 Bf5 20. Nd4 Bg4 21. Bd5 e6 22. Nxe6+ Bxe6 23. Rxf6+ 1-0

[Event "Teplice op 7th"]
[Site "Teplice"]
[Date "2012.06.16"]
[Round "1"]
[White "Friml, Antonin"]
[Black "Skuthan, Jiri"]
[Result "0-1"]
[WhiteElo "2125"]
[BlackElo "1769"]
[PlyCount "74"]
[EventDate "2012.06.16"]
[EventType "swiss"]
[EventRounds "9"]
[EventCountry "CZE"]
[SourceTitle "CBM 149 Extra"]
[Source "ChessBase"]
[SourceDate "2012.08.24"]
[SourceVersion "1"]
[SourceVersionDate "2012.08.24"]
[SourceQuality "1"]

1. e4 c5 2. Nf3 e6 3. Nc3 Nc6 4. d4 cxd4 5. Nxd4 Nf6 6. Be3 Bb4 7. Bd3 Qa5 8. 0-0 Bxc3 9. bxc3 d5 10. Nxc6 bxc6 11. e5 Nd7 12. Qg4 g6 13. Qg3 Qxc3 14. f4 c5 15. Qf2 Rb8 16. Bd2 Qa3 17. Rfe1 Ba6 18. Bxa6 Qxa6 19. g4 Rb2 20. Bc3 Rb7 21. f5 gxf5 22. Qh4 Qc4 23. Bd2 Qxg4+ 24. Qxg4 fxg4 25. Bg5 h6 26. Bf4 Kd8 27. Kf2 Rb2 28. Re2 Kc7 29. Kg3 h5 30. a3 d4 31. Rae1 Nb6 32. Rf2 Kc6 33. Kh4 c4 34. Bc1 Rb1 35. Rd2 Kd5 36. Red1 Kxe5 37. Rxd4 Rxc1 0-1

[Event "CZE-chTW U20 1112"]
[Site "Czech Republic"]
[Date "2011.10.15"]
[Round "2.5"]
[White "Filip, Vojtech"]
[Black "Skuthan, Jiri"]
[Result "0-1"]
[WhiteElo "1801"]
[BlackElo "1784"]
[PlyCount "88"]
[EventDate "2011.10.15"]
[EventType "team-tourn"]
[EventRounds "7"]
[EventCountry "CZE"]
[SourceTitle "EXT 2013"]
[Source "ChessBase"]
[SourceDate "2012.11.22"]
[SourceVersion "1"]
[SourceVersionDate "2012.11.22"]
[SourceQuality "1"]
[WhiteTeam "Vlasim"]
[BlackTeam "Most"]
[WhiteTeamCountry "CZE"]
[BlackTeamCountry "CZE"]

1. e4 e5 2. Nc3 Nc6 3. Bc4 Nf6 4. d3 Bc5 5. Bg5 h6 6. Bh4 d6 7. Nge2 Be6 8. Bb3 a6 9. 0-0 Qd7 10. Nd5 Bxd5 11. exd5 Ne7 12. Bxf6 gxf6 13. d4 Ba7 14. c4 0-0-0 15. dxe5 fxe5 16. Ba4 Qg4 17. Rc1 Rdg8 18. Ng3 Qg5 19. Qh5 Qf4 20. Rc3 e4 21. Qe2 f5 22. Nh5 Qe5 23. Re1 Ng6 24. Bd1 Nh4 25. Rg3 f4 26. Rg4 f3 27. Qxe4 Qxe4 28. Rexe4 Rxg4 29. Rxg4 Re8 30. h3 Re1+ 31. Kh2 fxg2 32. Rg8+ Kd7 33. Nf6+ Ke7 34. Re8+ Kxf6 35. Rxe1 Bxf2 36. Rg1 Bxg1+ 37. Kxg1 Ke5 38. Kf2 c6 39. dxc6 bxc6 40. Be2 a5 41. a3 c5 42. a4 Kd4 43. Bd1 Kxc4 44. Bc2 d5 0-1